| 000 | 00488nam a2200193Ia 4500 | ||
|---|---|---|---|
| 005 | 20250423095547.0 | ||
| 008 | 250422s9999 xx 000 0 und d | ||
| 020 | _a9781498744287 | ||
| 050 | _aRG 524 .G96/ | ||
| 100 | _aEdited by Helen Bickerstaff & Louise C Kenny | ||
| 245 | 0 | _aGynaecology, by ten teachers | |
| 250 | _a20th ed | ||
| 260 | _aGreat Britain | ||
| 260 | _bAshford Colour Press Ltd | ||
| 260 | _c2017 | ||
| 300 | _a254 p | ||
| 650 | _aGynecology. | ||
| 942 | _cBK | ||
| 999 |
_c30648 _d30648 |
||